000 00551nam a2200181 a 4500
005 20241128063805.0
008 991125s1962 mx 000 0 spa u
035 _aUPN01000039410
049 _aSEP
050 4 _aMT85
_bG3.2
100 1 _aGalindo, Aurelio F.
245 1 0 _aA mi madre en su día /
_cAurelio F. Galindo ; recop. E. Lomelí Gómez.
260 _aMéxico :
_b[s.n.],
_c1962.
300 _a1 partitura (2 p.)
650 4 _aMúsica popular (Canciones, etc.)
_zMéxico
_922391
700 1 _aLomelí Gómez, Emilio,
_ecomp.
905 _aLibro
999 _c39410
_d39410